Hooked on heroin: drugs and drifters in a globalized world (Record no. 691549)

MARC details
000 -LEADER
fixed length control field 00680nam a2200229Ia 4500
003 - CONTROL NUMBER IDENTIFIER
control field OSt
005 - DATE AND TIME OF LATEST TRANSACTION
control field 20260115163939.0
008 - FIXED-LENGTH DATA ELEMENTS--GENERAL INFORMATION
fixed length control field 220926b |||||||| |||| 00| 0 eng d
020 ## - INTERNATIONAL STANDARD BOOK NUMBER
International Standard Book Number 1859737676
037 ## - SOURCE OF ACQUISITION
Terms of availability Geberal Book
040 ## - CATALOGING SOURCE
Original cataloging agency RTL
Transcribing agency RTL
Language of cataloging eng
041 ## - LANGUAGE CODE
Source of code eng
Language code of text/sound track or separate title eng
084 ## - COLON CLASSIFICATION NUMBER
Classification number Y:414, P3
Assigning agency RTL
100 ## - MAIN ENTRY--PERSONAL NAME
Personal name Lalander Philip
9 (RLIN) 371338
245 #0 - TITLE STATEMENT
Title Hooked on heroin: drugs and drifters in a globalized world
260 ## - PUBLICATION, DISTRIBUTION, ETC.
Place of publication, distribution, etc. Oxford
Name of publisher, distributor, etc. Berg
Date of publication, distribution, etc. 2003
300 ## - PHYSICAL DESCRIPTION
Extent xi, 201 p.
Dimensions cm.
500 ## - GENERAL NOTE
General note Bibliography P 183-187; Appendix P 171-182
650 ## - SUBJECT ADDED ENTRY--TOPICAL TERM
Topical term or geographic name entry element Sociology
9 (RLIN) 875981
942 ## - ADDED ENTRY ELEMENTS (KOHA)
Classification part Y:414, P3
Koha item type General Books
Source of classification or shelving scheme Colon Classification (CC)
Suppress in OPAC No
Holdings
Withdrawn status Lost status Source of classification or shelving scheme Damaged status Not for loan Home library Current library Date acquired Total Checkouts Full call number Barcode Date last seen Price effective from Koha item type
    Colon Classification (CC)     Ratan Tata Library Ratan Tata Library 2022-09-27   Y:414 P3 RT1324481 2022-09-27 2022-09-27 General Books
Copyright @ Delhi University Library System